Bioconversion of agro-industrial wastes / (Record no. 31616)
[ view plain ]
| 000 -LEADER | |
|---|---|
| fixed length control field | 01537cam a2200349 a 4500 |
| 003 - CONTROL NUMBER IDENTIFIER | |
| control field | EG-GiCUC |
| 005 - DATE AND TIME OF LATEST TRANSACTION | |
| control field | 20250223030304.0 |
| 008 - FIXED-LENGTH DATA ELEMENTS--GENERAL INFORMATION | |
| fixed length control field | 101007s2010 ua d f m 000 0 eng d |
| 040 ## - CATALOGING SOURCE | |
| Original cataloging agency | EG-GiCUC |
| Language of cataloging | eng |
| Transcribing agency | EG-GiCUC |
| 041 0# - LANGUAGE CODE | |
| Language code of text/sound track or separate title | eng |
| 049 ## - LOCAL HOLDINGS (OCLC) | |
| Holding library | Deposite |
| 097 ## - Thesis Degree | |
| Thesis Level | Ph.D |
| 099 ## - LOCAL FREE-TEXT CALL NUMBER (OCLC) | |
| Classification number | Cai01.07.06.Ph.D.2010.Ya.B |
| 100 0# - MAIN ENTRY--PERSONAL NAME | |
| Personal name | Yahia Ibrahim Mahmoud |
| 245 10 - TITLE STATEMENT | |
| Title | Bioconversion of agro-industrial wastes / |
| Statement of responsibility, etc. | Yahia Ibrahim Mahmoud ; Supervised Mohammed Zakaria Sedik , Waleed Diaeddeen Saleh , Azmy Noshy Estafanous |
| 246 15 - VARYING FORM OF TITLE | |
| Title proper/short title | التحول الحيوي لمخلفات التصنيع الزراعى |
| 260 ## - PUBLICATION, DISTRIBUTION, ETC. | |
| Place of publication, distribution, etc. | Cairo : |
| Name of publisher, distributor, etc. | Yahia Ibrahim Mahmoud , |
| Date of publication, distribution, etc. | 2010 |
| 300 ## - PHYSICAL DESCRIPTION | |
| Extent | 130 P. : |
| Other physical details | charts ; |
| Dimensions | 25cm |
| 502 ## - DISSERTATION NOTE | |
| Dissertation note | Thesis (Ph.D.) - Cairo University - Faculty of Agriculture - Department of Microbiology |
| 520 ## - SUMMARY, ETC. | |
| Summary, etc. | The main aim of this study is to produce compost using agricultural wastes of rice straw and artichoke mixed with cow dunk, beside the addition of some microbial inoculants, sulfur element and also the production of compost extract of know effect as biological treatment for root namatode in tomato plants |
| 530 ## - ADDITIONAL PHYSICAL FORM AVAILABLE NOTE | |
| Additional physical form available note | Issued also as CD |
| 653 #4 - INDEX TERM--UNCONTROLLED | |
| Uncontrolled term | Biological treatment |
| 653 #4 - INDEX TERM--UNCONTROLLED | |
| Uncontrolled term | Compost |
| 653 #4 - INDEX TERM--UNCONTROLLED | |
| Uncontrolled term | Tomato |
| 700 0# - ADDED ENTRY--PERSONAL NAME | |
| Personal name | Azmy Noshy Estafanous , |
| Relator term | |
| 700 0# - ADDED ENTRY--PERSONAL NAME | |
| Personal name | Mohammed Zakaria Sedik , |
| Relator term | |
| 700 0# - ADDED ENTRY--PERSONAL NAME | |
| Personal name | Waleed Diaeddeen Saleh , |
| Relator term | |
| 856 ## - ELECTRONIC LOCATION AND ACCESS | |
| Uniform Resource Identifier | <a href="http://172.23.153.220/th.pdf">http://172.23.153.220/th.pdf</a> |
| 905 ## - LOCAL DATA ELEMENT E, LDE (RLIN) | |
| Cataloger | Nazla |
| Reviser | Revisor |
| 905 ## - LOCAL DATA ELEMENT E, LDE (RLIN) | |
| Cataloger | Samia |
| Reviser | Cataloger |
| 942 ## - ADDED ENTRY ELEMENTS (KOHA) | |
| Source of classification or shelving scheme | Dewey Decimal Classification |
| Koha item type | Thesis |
| Source of classification or shelving scheme | Not for loan | Home library | Current library | Date acquired | Full call number | Barcode | Date last seen | Koha item type | Copy number |
|---|---|---|---|---|---|---|---|---|---|
| Dewey Decimal Classification | المكتبة المركزبة الجديدة - جامعة القاهرة | قاعة الرسائل الجامعية - الدور الاول | 11.02.2024 | Cai01.07.06.Ph.D.2010.Ya.B | 01010110053975000 | 22.09.2023 | Thesis | ||
| Dewey Decimal Classification | المكتبة المركزبة الجديدة - جامعة القاهرة | مخـــزن الرســائل الجـــامعية - البدروم | 11.02.2024 | Cai01.07.06.Ph.D.2010.Ya.B | 01020110053975000 | 22.09.2023 | CD - Rom | 53975.CD |